000
00312nam a2200133Ia 4500
008
191201s2008 xx 000 0 und d
082
_a
519.5
_b
JAS
100
_a
Jain, T R
245
0
_a
Statistics for MBA
260
_a
N.Delhi
_b
V K Enterprises
_c
2008-09
300
_a
misc
650
_a
MBA
942
_2
ddc
_c
BK
_0
1
999
_c
3605
_d
3605